000 00548nam a22001932 4500
001 0000007558
005 20151217160114.0
008 080215s xx 000 0 eng d
020 _a8171811094 :
_cKES 125
040 _aKABU
_cKABU
100 1 _aMalhotra Vandana.
_@0000158816
245 1 0 _aMichael Faraday /
_cVandana Malhotra.
260 _aNew Delhi :
_bLearners Press,
_c1994.
300 _a47 p.
600 1 0 _aFaraday, Michael.
_@0000158817
908 _a080215
950 _@1
999 _c14338
_d14338